000 00393nam a2200133Ia 4500
008 230917s9999||||xx |||||||||||||| ||und||
040 _e184184
_aMAIN
041 _aEnglish
082 _a294.3823 D36D
245 0 _aKhuddakanikaye Saddhammappajjotika;Culaniddesa-Atthakatha Nettippakarana-Atthakatha
260 _aIgatpuri
_bVipassana Research Institute
_c1998
300 _av. p.
942 _cBK
999 _c81167
_d81167